[Event "HUN-chT2 Maroczy 1011"]
[Site "Hungary"]
[Date "2011.04.10"]
[Round "8"]
[White "Tenk, Zoltan"]
[Black "Korbely, Gyorgyne"]
[Result "1-0"]
[WhiteElo "1995"]
[BlackElo "1624"]
[PlyCount "51"]
[EventDate "2010.09.12"]
[EventType "team-tourn"]
[EventRounds "11"]
[EventCountry "HUN"]
[SourceTitle "EXT 2012"]
[Source "ChessBase"]
[SourceDate "2011.11.24"]
[SourceVersion "1"]
[SourceVersionDate "2011.11.24"]
[SourceQuality "1"]
[WhiteTeam "Maroczy"]
[BlackTeam "Oroshaza"]
[WhiteTeamCountry "HUN"]
[BlackTeamCountry "HUN"]

1. e4 e5 2. Nf3 Nf6 3. Nc3 Nc6 4. d4 exd4 5. Nxd4 Nxd4 6. Qxd4 d6 7. Bc4 c5 8. Qd3 Be7 9. 0-0 0-0 10. Bg5 Be6 11. Rad1 a6 12. a4 Qc7 13. Bxf6 Bxc4 14. Qxc4 gxf6 15. Nd5 Qd8 16. Rd3 Rb8 17. Rh3 Kh8 18. Qe2 Rg8 19. Ne3 Rg6 20. f4 Qg8 21. Rff3 Bf8 22. Nf5 Re8 23. Rh5 Rxe4 24. Rxh7+ Kxh7 25. Rh3+ Bh6 26. Qxe4 1-0